The established and the outsiders : a sociological enquiry into community problems

Αποθηκεύτηκε σε:
Λεπτομέρειες βιβλιογραφικής εγγραφής
Κύριος συγγραφέας: Elias, Norbert, 1897-1990
Άλλοι συγγραφείς: Scotson, John L.
Μορφή: Βιβλίο
Γλώσσα:English
Δημοσίευση: London : Sage, 1994
Έκδοση:2nd ed.
Σειρά:Theory, culture and society
Θέματα:
Ετικέτες: Προσθήκη ετικέτας
Δεν υπάρχουν, Καταχωρήστε ετικέτα πρώτοι!

MARC

LEADER 00000nam a2200000 i 4500
001 1/101789
008 951009s1994 eng d
020 |a 0-8039-79495 
035 |l 10012247 
040 |a GR-MY-UA  |b gre  |e aacr 
041 0 |a eng 
082 0 |a 302.4 
100 1 |a Elias, Norbert,   |d 1897-1990. 
245 1 4 |a The established and the outsiders :  |b a sociological enquiry into community problems /  |c Norbert Elias; John L. Scotson 
250 |a 2nd ed. 
260 |a London :   |b Sage,   |c 1994 
300 |a lii, 199 σ.;  |c 22 εκ. 
490 1 |a Theory, culture & society 
504 |a Περιέχει βιβλιογραφικές παραπομπές και ευρετήριο 
650 0 0 |a Social interaction. 
650 0 0 |a Social sciences  |x Philosophy. 
650 0 0 |a Gemeinschaft and Gesellschaft (Sociology) 
700 1 |a Scotson, John L. 
830 0 |a Theory, culture and society 
852 |a INST  |b LESVOS  |e 19951009  |h 302.4 ELI  |p 005100010740  |q 005100010740  |t BK  |y 0 
909 |a Λ  |b 041015 
922 |a 1ΕΛΗ  |b 199504  |c ΑΝΑΝΙΑΔΗΣ 
950 |a 145-1995-02-23